Statistics for Title in the Lyrics #2 - The Beatles

Click here to take the quiz!

General Stats

  • This quiz has been taken 41,136 times
    (31,761 since last reset)
  • The average score is 12 of 20

Answer Stats

Song Lyric % Correct
{Help}! I need somebody / {Help}! Not just anybody
95%
Speaking words of wisdom / {Let} {it} {be}
93%
It's been {a} {hard} {day}'{s} {night} / And I've been working like a dog
87%
And we lived beneath the waves / In our {yellow} {submarine}
85%
{Hey} {Jude}, don't make it bad / Take a sad song and make it better
84%
I don't care too much for money / Money {can}'{t} {buy} {me} {love}
83%
{Yesterday} love was such an easy game to play / Now I need a place to hide away
75%
{Eleanor} {Rigby} / Picks up the rice in the church where a wedding has been
71%
One thing I can tell you is you got to be free / {Come} {together} right now over me
64%
{Blackbird} singing in the dead of night / Take these broken wings and learn to fly
63%
{Penny} {Lane} is in my ears and in my eyes / There beneath the blue suburban skies
60%
Ain't got nothing but love, babe / {Eight} {days} {a} {week}
55%
{Ob}-{la}-{di}, {ob}-{la}-{da}, life goes on
54%
Let me hear your balalaikas ringing out / Come and keep your comrade warm / I'm {back} {in} {the} {USSR}
44%
Now I'll never dance with another / Oh, since {I} {saw} {her} {standing} {there}
42%
{Lovely} {Rita} meter maid
39%
{Do} {you} {want} {to} {know} {a} {secret}? / Do you promise not to tell?
35%
Now somewhere in the black mountain hills of Dakota / There lived a young boy named {Rocky} {Raccoon}
31%
Well you may be a lover but you ain't no dancer / {Helter} {skelter}
28%
I'm {fixing} {a} {hole} where the rain gets in / And stops my mind from wandering
27%

Score Distribution

Percentile by Number Answered

Percent of People with Each Score

Your Score History

You have not taken this quiz since the last reset